Catálogo público

Evaluación de pérdidas en genotipos mejorados de trigo (Triticum aestivum L.) por daño de enfermedades foliares causadas por hongos en ambientes de temporal en México / (Record no. 199141)

MARC details
000 -CABECERA
campo de control de longitud fija 01033nam a2200289Ia 4500
001 - NÚMERO DE CONTROL
campo de control Para_386
003 - IDENTIFICADOR DEL NÚMERO DE CONTROL
campo de control CHAP
008 - DATOS DE LONGITUD FIJA--INFORMACIÓN GENERAL
campo de control de longitud fija 220125s2001 xx 000 0 und d
010 ## - NÚMERO DE CONTROL DE LA BIBLIOTECA DEL CONGRESO
Número de control de LC 199141
040 ## - FUENTE DE LA CATALOGACIÓN
Centro/agencia transcriptor CHAP
090 ## - LOCALMENTE ASIGNADO TIPO-LC NÚMERO DE CLASIFICACIÓN (OCLC); NÚMERO DE CLASIFICACIÓN LOCAL (RLIN)
Número de clasificación (OCLC) (R) ; Numero de clasificación, CALL (RLIN) (NR) PA TESIS 1505
100 ## - ENTRADA PRINCIPAL--NOMBRE DE PERSONA
Nombre de persona Cáceres Acosta, Edwin Alfredo
9 (RLIN) 23959
245 ## - MENCIÓN DE TÍTULO
Título Evaluación de pérdidas en genotipos mejorados de trigo (Triticum aestivum L.) por daño de enfermedades foliares causadas por hongos en ambientes de temporal en México /
Mención de responsabilidad, etc. por Edwin Alfredo Cáceres Acosta
260 ## - PUBLICACIÓN, DISTRIBUCIÓN, ETC.
Lugar de publicación, distribución, etc. Chapingo, Méx. :
Nombre del editor, distribuidor, etc. el autor
300 ## - DESCRIPCIÓN FÍSICA
Extensión 81 h.
502 ## - NOTA DE TESIS
Nota de tesis Tesis (M.C. en Protección Vegetal). UACh. Departamento Parasitología Agrícola
650 ## - PUNTO DE ACCESO ADICIONAL DE MATERIA--TÉRMINO DE MATERIA
Término de materia o nombre geográfico como elemento de entrada Trigo
Subdivisión general enfermedades
9 (RLIN) 115017
650 ## - PUNTO DE ACCESO ADICIONAL DE MATERIA--TÉRMINO DE MATERIA
Término de materia o nombre geográfico como elemento de entrada Trigo
Subdivisión general variedades
9 (RLIN) 115119
710 ## - PUNTO DE ACCESO ADICIONAL--NOMBRE DE ENTIDAD CORPORATIVA
Nombre de entidad corporativa o nombre de jurisdicción como elemento de entrada I. UACh. Departamento Parasitología Agrícola
9 (RLIN) 164478
901 ## - ELEMENTOS DE DATOS A LOCAL LDA (RLIN)
a PA TESIS 1505
902 ## - ELEMENTOS DE DATOS B LOCAL, LDB (RLIN)
a A
905 ## - ELEMENTOS DE DATOS E LOCAL, LDE (RLIN)
a 0000002001 i 0000000000 00
910 ## - DATOS DE OPCIÓN DEL USUARIO (OCLC)
Datos de opción del usuario 2001
942 ## - ELEMENTOS DE PUNTO DE ACCESO ADICIONAL (KOHA)
Tipo de ítem Koha Parasitologia_
942 ## - ELEMENTOS DE PUNTO DE ACCESO ADICIONAL (KOHA)
Tipo de ítem Koha Parasitologia_
-- 1
Holdings
Estado de retiro Estado de pérdida Fuente del sistema de clasificación o colocación Estado dañado No para préstamo Código de colección Localización permanente Ubicación/localización actual Ubicación en estantería Fecha de adquisición Información codificada de la localización en otra ubicación Total de préstamos Código de barras Fecha visto por última vez Número de copia Precio válido a partir de Tipo de ítem Koha Nota pública
    Clasificación Universidad Autónoma de Chapingo     Tesis Parasitologia Agricola Parasitologia Agricola   27/10/2005 PARA   PA_7130-2 25/01/2022 2 25/01/2022 Tesis 3
    Clasificación Universidad Autónoma de Chapingo     Tesis Parasitologia Agricola Parasitologia Agricola   27/10/2005 PARA   PA_7130 25/01/2022 1 25/01/2022 Tesis 3